LIBRARY & INFORMATION CENTRE, KCAET, TAVANUR

ONLINE PUBLIC ACCESS CATALOGUE (OPAC)

Municipal Solid Waste in Cinerator Residue (Record no. 4356)

MARC details
000 -LEADER
fixed length control field 00398cam a2200145ua 4500
020 ## - INTERNATIONAL STANDARD BOOK NUMBER
ISBN 0444825630
082 ## - DEWEY DECIMAL CLASSIFICATION NUMBER
Classification number 628.4457
Item number CHA/MU
100 ## - MAIN ENTRY--AUTHOR NAME
Personal name Chandler, John A .
100 ## - MAIN ENTRY--AUTHOR NAME
Personal name Eighmy,Taylor T.
245 ## - TITLE STATEMENT
Title Municipal Solid Waste in Cinerator Residue
260 ## - PUBLICATION, DISTRIBUTION, ETC. (IMPRINT)
Place of publication New York :
Name of publisher Elsevier ,
Year of publication 1997.
300 ## - PHYSICAL DESCRIPTION
Number of Pages 974 ; .
500 ## - GENERAL NOTE
General note Studies in Environmental Science 67
942 ## - ADDED ENTRY ELEMENTS (KOHA)
Koha item type Reference
Holdings
Withdrawn status Lost status Damaged status Collection code Home library Current library Shelving location Date acquired Full call number Accession Number Koha item type
      Reference KAUAET KAUAET Reference 07/04/2012 628.4457.CHA/MU 20213 Reference
free website counter